| 000 | 00430nam a2200133Ia 4500 | ||
|---|---|---|---|
| 008 | 151021s9999 xx 000 0 und d | ||
| 050 | _aPE 65 .W63 1982 | ||
| 245 | _a_Teaching english through english a course in classroom langauge and techniques | ||
| 260 | _aLondon Longman 1982 | ||
| 300 | _axvi, 192p. : ills. | ||
| 500 | _aincludes bibliography and index | ||
| 650 | _a_English | ||
| 980 | _a^d20101215 04:09:33^oTiampati | ||
| 999 |
_c5689 _d5689 |
||